00803cam a2200241 a 4500003000500000005001700005008004100022010001000063011001000073035001000083040000900093082001600102100002400118245007500142260007600217300002300293410004500316490003700361650004400398650003700442810004500479830003700524CHAP20220817043621.0000214d1997 us r 00010 spa d a79866 a80838 a91292 cCHAP04a378.155bS200aSchwartzman, Simon.10aAmérica Latina universidades en transiciónc/por Simon Schwartzman aWashington, D. C. :bOrganización de los Estados Americanos,c(1997?) a200 h. :bgráfs. aOrganización de los Estados Americanos 0aINTERAMER. Serie educativav; 6114aEducación superiorxAmérica Latina.14aUniversidadesxAmérica Latina. aOrganización de los Estados Americanos00aINTERAMER. Serie educativav; 61